000 00486nam a22001697a 4500
003 NUST - PNEC
005 20170116181140.0
008 151007b xxu||||| |||| 00| 0 eng d
020 _a0824742656
040 _cLIBRARY
082 _a658.5 STE
100 _914558
_aStein, Robert E.
245 _a Re-engineering the manufacturing system : applying the theory of constraints
_cRobert E. Stein
260 _cc2003.
650 _914559
_aProduction management
_xME
942 _2ddc
_cBK
999 _c70430
_d70430